[Event "Dutch Open 2012"]
[Site "Dieren NED"]
[Date "2012.08.01"]
[Round "8.8"]
[White "Vogel, Jaap"]
[Black "Sowray, Peter J"]
[Result "0-1"]
[WhiteTitle "FM"]
[BlackTitle "FM"]
[WhiteElo "2179"]
[BlackElo "2375"]
[WhiteFideId "1000764"]
[BlackFideId "400971"]
[EventDate "2012.07.24"]
[EventType "swiss"]

1. d4 d5 2. c4 c6 3. Nf3 Nf6 4. e3 Bg4 5. Nc3 e6 6. h3 Bxf3 7. Qxf3 Nbd7 8. Bd2
Bb4 9. Rc1 O-O 10. a3 Bd6 11. cxd5 exd5 12. Bd3 Re8 13. O-O Qe7 14. Qe2 Nf8 15.
Rfe1 Ne6 16. Qf1 Bc7 17. g3 Ng5 18. Qg2 Qd7 19. g4 Nfe4 20. Rcd1 Qd6 21. h4 Nxc3
22. Bxc3 Ne4 23. Bb4 Qh6 24. h5 a5 25. Bd2 f5 26. g5 Qxh5 27. f4 Re6 28. Be2 Qh4
29. Bf3 Nxd2 30. Qxd2 Rae8 31. Qf2 Qh3 32. Bg2 Qg4 33. Kf1 Rxe3 0-1

[Event "Dutch Open 2012"]
[Site "Dieren NED"]
[Date "2012.08.01"]
[Round "8.10"]
[White "Colijn, Stefan"]
[Black "Beerdsen, Thomas"]
[Result "0-1"]
[WhiteElo "2220"]
[BlackElo "2044"]
[WhiteFideId "1016199"]
[BlackFideId "1030108"]
[EventDate "2012.07.24"]
[EventType "swiss"]

1. d4 d5 2. Nf3 Nf6 3. Bf4 c5 4. c3 Nc6 5. Nbd2 Bf5 6. dxc5 Nd7 7. Nb3 e5 8. Bg3
Be6 9. e3 f6 10. Be2 Nxc5 11. Nxc5 Bxc5 12. O-O O-O 13. Qc2 Qb6 14. Rfd1 Rfd8
15. h3 Rac8 16. Nh4 Ne7 17. Bg4 e4 18. Qe2 f5 19. Bh5 g6 20. Be5 Bf7 21. b4 Bd6
22. Bd4 Qc7 23. f4 gxh5 24. Qf2 Bg6 25. Qg3 Qd7 26. Qg5 Qe6 27. Qh6 Qf7 28. g4
Qf8 29. Qg5 h6 30. Qf6 Qxf6 31. Bxf6 Kf7 32. g5 hxg5 33. fxg5 Rd7 34. Rd2 Nc6
35. Rf1 Be5 36. Nxf5 Bxf5 37. Rxf5 Bxf6 38. Rxf6+ Kg7 39. Re6 Nd8 40. Rxe4 Rxc3
41. Re5 Nf7 42. Rexd5 Re7 43. g6 Kxg6 44. Rg2+ Kh6 45. e4 Rxh3 0-1

[Event "Dutch Open 2012"]
[Site "Dieren NED"]
[Date "2012.08.01"]
[Round "8.11"]
[White "Hoogland, Dirk"]
[Black "Go, Benjamin"]
[Result "0-1"]
[WhiteTitle "CM"]
[WhiteElo "2169"]
[BlackElo "2164"]
[WhiteFideId "1012533"]
[BlackFideId "1014560"]
[EventDate "2012.07.24"]
[EventType "swiss"]

1. e4 d6 2. d4 Nf6 3. Nc3 g6 4. Nf3 Bg7 5. h3 O-O 6. Be3 a6 7. a4 b6 8. Bd3 c5
9. Ne2 cxd4 10. Nfxd4 Bb7 11. Ng3 Nbd7 12. O-O d5 13. f3 Qc7 14. Nde2 dxe4 15.
Nxe4 Nxe4 16. fxe4 Bxb2 17. Rb1 Bg7 18. Qe1 a5 19. Qf2 Nc5 20. Rfc1 Rad8 21.
Rxb6 Qxb6 22. Bxc5 Qe6 23. Re1 Bc6 24. Kh1 Be5 25. Bb6 Rd7 26. Nd4 Bxd4 27. Bxd4
Bxa4 28. Bb6 Ra8 29. Ra1 Bc6 30. Rf1 a4 31. Bd4 Rf8 32. Ba1 Rb8 33. Qf4 Rdb7 34.
Be5 Rf8 35. Ba1 a3 36. Qh6 f6 37. c4 Rb3 38. Bc2 Qxc4 39. Bxb3 Qxb3 40. Qf4 Qd3
41. e5 Qxh3+ 42. Qh2 Qxh2+ 43. Kxh2 fxe5 44. Rc1 Bd5 45. Rc5 Rd8 46. Bxe5 Kf7
47. Ra5 Ke6 48. Ba1 a2 49. Kg3 Rc8 50. Kh3 Rc2 51. g3 h6 52. g4 Rd2 53. Ra6+ Kf7
54. Kg3 Rg2+ 55. Kh3 Rg1 56. Bd4 Rd1 57. Be5 Rh1+ 58. Kg3 Rg1+ 0-1

[Event "Dutch Open 2012"]
[Site "Dieren NED"]
[Date "2012.08.01"]
[Round "8.12"]
[White "Efroimski, Marsel"]
[Black "Van Mierlo, Guido"]
[Result "1-0"]
[WhiteTitle "WIM"]
[WhiteElo "2187"]
[BlackElo "2089"]
[WhiteFideId "2810964"]
[BlackFideId "1032453"]
[EventDate "2012.07.24"]
[EventType "swiss"]

1. e4 e5 2. Nf3 Nc6 3. Bb5 Nf6 4. Nc3 d6 5. d4 Bd7 6. O-O Nxd4 7. Bxd7+ Qxd7 8.
Nxd4 exd4 9. Qxd4 Be7 10. b3 O-O 11. Bb2 c5 12. Qd3 Rfe8 13. Rad1 Qc6 14. Nd5
Nxd5 15. Qxd5 Qxd5 16. Rxd5 Red8 17. Rfd1 f6 18. c4 Rab8 19. f4 Kf7 20. Kf2 a6
21. Ke3 b5 22. Rc1 Ra8 23. Kd3 Ra7 24. Bc3 b4 25. Be1 a5 26. a4 bxa3 27. Ra1 Ra6
28. Rxa3 Rda8 29. Ra4 Ke6 30. Kc2 Bd8 31. Bc3 Bc7 32. g4 g6 33. h4 Rf8 34. Ra1
Rfa8 35. g5 a4 36. bxa4 Rxa4 37. Rxa4 Rxa4 38. Kb3 Ra8 39. Bxf6 Rb8+ 40. Kc2 Rb4
41. f5+ gxf5 42. exf5+ Kf7 43. Kc3 Rb1 44. Rd2 Ba5+ 45. Kc2 Bxd2 46. Kxb1 Be1
47. h5 h6 48. Bd8 Bc3 49. g6+ Ke8 50. f6 Be5 51. f7+ Kf8 52. Kc2 d5 53. cxd5 c4
54. Bb6 Bd6 55. Kc3 Ke7 56. Kxc4 Kf6 57. Bd4+ 1-0

[Event "Dutch Open 2012"]
[Site "Dieren NED"]
[Date "2012.08.01"]
[Round "8.13"]
[White "Van Lanen, Antoon"]
[Black "Maris, Ivo"]
[Result "0-1"]
[WhiteElo "2147"]
[BlackElo "2044"]
[WhiteFideId "1008064"]
[BlackFideId "1028146"]
[EventDate "2012.07.24"]
[EventType "swiss"]

1. e4 c6 2. d4 Na6 3. Nf3 g6 4. Nc3 Nc7 5. Bf4 Bg7 6. Qd2 Ne6 7. Be3 d5 8. exd5
cxd5 9. Ne5 a6 10. O-O-O b5 11. a4 Nf6 12. axb5 O-O 13. bxa6 Bxa6 14. Bxa6 Rxa6
15. Qd3 Rb6 16. Na4 Rb8 17. b3 Qc7 18. Qc3 Qd6 19. f3 Rfc8 20. Qb2 Qb4 21. Rd3
Ne8 22. Rhd1 Nd6 23. Qa2 Nf5 24. Nd7 Nxe3 25. Rxe3 0-1

[Event "Dutch Open 2012"]
[Site "Dieren NED"]
[Date "2012.08.01"]
[Round "8.14"]
[White "Van Osch, Mees"]
[Black "Ypma, Peter"]
[Result "0-1"]
[WhiteElo "2071"]
[BlackElo "2175"]
[WhiteFideId "1035967"]
[BlackFideId "1027255"]
[EventDate "2012.07.24"]
[EventType "swiss"]

1. e4 e5 2. Nf3 Nc6 3. Bb5 Nd4 4. Nxd4 exd4 5. c3 Bc5 6. O-O h5 7. b4 Bb6 8. Bb2
c6 9. Be2 d5 10. exd5 cxd5 11. c4 Qh4 12. cxd5 Nf6 13. Re1 Kf8 14. g3 Qg5 15. h4
Qf5 16. Bf3 g5 17. hxg5 Qxg5 18. d3 Nxd5 19. Qd2 Ne3 20. Bxd4 Bxd4 21. Nc3 Qf6
22. Ne4 Qxf3 23. Rxe3 Bxe3 24. fxe3 Rg8 0-1

[Event "Dutch Open 2012"]
[Site "Dieren NED"]
[Date "2012.08.01"]
[Round "8.15"]
[White "Vereggen, Lars"]
[Black "Vos, Tjark"]
[Result "1/2-1/2"]
[WhiteElo "2051"]
[BlackElo "1958"]
[WhiteFideId "1029258"]
[BlackFideId "1020870"]
[EventDate "2012.07.24"]
[EventType "swiss"]

1. d4 Nf6 2. c4 g6 3. Nc3 Bg7 4. e4 O-O 5. f3 c5 6. Nge2 cxd4 7. Nxd4 Nc6 8. Be3
d6 9. Be2 Nxd4 10. Bxd4 Be6 11. O-O Rc8 12. Nd5 Bxd5 13. cxd5 a6 14. Qd2 Nd7 15.
Bxg7 Kxg7 16. Qd4+ f6 17. Rac1 Qa5 18. a3 b5 19. f4 Qb6 20. Qxb6 Nxb6 21. Kf2
Na4 22. b4 Rc3 23. Rxc3 Nxc3 24. Ke3 Rc8 25. Bd3 Na4 26. Ra1 Nb2 27. Rb1 Nxd3
28. Kxd3 g5 29. fxg5 fxg5 30. Rf1 h6 31. g3 Rc4 32. h3 Rc8 33. Re1 Kg6 34. Rf1
Kg7 35. e5 dxe5 36. Rf5 Rc1 37. Rxe5 Kf7 38. Re3 Rd1+ 39. Ke4 e6 40. dxe6+ Kxe6
41. Rc3 Re1+ 42. Kf3 Kf6 43. Rc6+ Re6 44. Rxe6+ Kxe6 45. Ke4 h5 46. h4 g4 1/2-1/2

[Event "Dutch Open 2012"]
[Site "Dieren NED"]
[Date "2012.08.01"]
[Round "8.16"]
[White "De Bruijne, Arian"]
[Black "Van Liempt, Michael"]
[Result "0-1"]
[WhiteElo "1934"]
[BlackElo "1954"]
[WhiteFideId "1039946"]
[BlackFideId "1012665"]
[EventDate "2012.07.24"]
[EventType "swiss"]

1. e4 c5 2. Nc3 g6 3. f4 Bg7 4. Nf3 Nc6 5. Bc4 e6 6. O-O Nge7 7. d3 O-O 8. Qe1
Nd4 9. Bb3 Nec6 10. f5 Nxf3+ 11. Rxf3 Nd4 12. Rh3 b5 13. Be3 d5 14. exd5 exd5
15. Bxd5 Bxf5 16. Bxa8 Bxh3 17. gxh3 Nxc2 18. Qd2 Nxe3 19. Bf3 Nc4 20. Qc2 Nxb2
21. Nxb5 Nxd3 22. Rd1 c4 23. Qxc4 Qb6+ 24. Kh1 Nf2+ 25. Kg2 Nxd1 26. Bxd1 a6 27.
Nc3 Qb2+ 28. Ne2 Qb7+ 29. Kg1 Rc8 30. Qd3 Qb6+ 31. Kg2 Rd8 32. Nd4 Qxd4 33. Qxg6
hxg6 34. Bb3 Qd2+ 35. Kf3 Rd3+ 36. Ke4 Kf8 37. Bxf7 Qe3# 0-1

[Event "Dutch Open 2012"]
[Site "Dieren NED"]
[Date "2012.08.01"]
[Round "8.17"]
[White "Von Meijenfeldt, Bart"]
[Black "Markus, John Raymond"]
[Result "1-0"]
[WhiteElo "2123"]
[BlackElo "2147"]
[WhiteFideId "1032259"]
[BlackFideId "1001213"]
[EventDate "2012.07.24"]
[EventType "swiss"]

1. e4 e5 2. Nf3 Nc6 3. Bb5 a6 4. Ba4 Nf6 5. O-O b5 6. Bb3 Bc5 7. c3 d6 8. d4 Bb6
9. h3 O-O 10. Re1 Bb7 11. Bg5 h6 12. Bh4 g5 13. Bg3 Re8 14. Qd2 Nh5 15. Qd1 Nxg3
16. fxg3 exd4 17. Nxd4 Nxd4 18. cxd4 Qf6 19. Kh2 d5 20. e5 Qf2 21. Nc3 Qxd4 22.
Qh5 Rxe5 23. Rf1 Re7 24. Rf5 Qg7 25. Bxd5 Bxd5 26. Nxd5 Re6 27. Raf1 Rf8 28.
Nf6+ Rxf6 29. Rxf6 Bd4 30. Rxh6 Bxb2 31. Rf5 Bc1 32. Rxa6 Be3 33. Qf3 Bb6 34.
Qd5 Be3 35. Raf6 c5 36. a3 c4 37. Qxb5 c3 38. Qc4 Bd2 39. a4 Qh7 40. a5 1-0

[Event "Dutch Open 2012"]
[Site "Dieren NED"]
[Date "2012.08.02"]
[Round "9.1"]
[White "Smeets, Jan"]
[Black "Bakre, Tejas"]
[Result "1/2-1/2"]
[WhiteTitle "GM"]
[BlackTitle "GM"]
[WhiteElo "2620"]
[BlackElo "2482"]
[WhiteFideId "1007246"]
[BlackFideId "5004195"]
[EventDate "2012.07.24"]
[EventType "swiss"]

1. e4 c5 2. Nf3 d6 3. d4 cxd4 4. Nxd4 Nf6 5. Nc3 g6 6. Be3 Bg7 7. f3 O-O 8. Qd2
Nc6 9. O-O-O d5 10. Kb1 Nxd4 11. e5 Nf5 12. exf6 exf6 13. Nxd5 Nxe3 14. Qxe3 Be6
15. Bc4 f5 16. Qc5 Bxd5 17. Rxd5 Rc8 18. Rxd8 Rxc5 19. Rxf8+ Kxf8 20. Bd3 1/2-1/2

[Event "Dutch Open 2012"]
[Site "Dieren NED"]
[Date "2012.08.02"]
[Round "9.4"]
[White "Zwirs, Nico"]
[Black "Hendriks, Willy"]
[Result "0-1"]
[BlackTitle "IM"]
[WhiteElo "2173"]
[BlackElo "2422"]
[WhiteFideId "1036432"]
[BlackFideId "1000713"]
[EventDate "2012.07.24"]
[EventType "swiss"]

1. d4 Nf6 2. c4 g6 3. Nc3 Bg7 4. Nf3 O-O 5. g3 d6 6. Bg2 Nbd7 7. O-O e5 8. Qc2
c6 9. Rd1 Qe7 10. e3 e4 11. Nd2 d5 12. b3 Nb6 13. h3 Be6 14. a4 Qd7 15. a5 Nc8
16. Kh2 h5 17. Ba3 Nd6 18. Na4 h4 19. Rdc1 hxg3+ 20. fxg3 Nf5 21. Nf1 Bh6 22.
Qf2 Kg7 23. g4 Rh8 24. Kg1 Nh4 25. Qg3 Bxg4 26. hxg4 Nxg4 27. Ra2 Bg5 28. cxd5
cxd5 29. Rc7 Qf5 30. Bd6 Nxg2 31. Rxg2 Rh1+ 32. Kxh1 Qxf1+ 33. Rg1 Rh8+ 34. Qh2
Nf2# 0-1

[Event "Dutch Open 2012"]
[Site "Dieren NED"]
[Date "2012.08.02"]
[Round "9.5"]
[White "Sowray, Peter J"]
[Black "De Jong, Migchiel"]
[Result "1-0"]
[WhiteTitle "FM"]
[BlackTitle "IM"]
[WhiteElo "2375"]
[BlackElo "2358"]
[WhiteFideId "400971"]
[BlackFideId "1002848"]
[EventDate "2012.07.24"]
[EventType "swiss"]

1. d4 Nf6 2. c4 g6 3. Nc3 Bg7 4. e4 d6 5. Bd3 O-O 6. Nge2 Nbd7 7. Bc2 c6 8. f3
a6 9. Be3 c5 10. O-O cxd4 11. Nxd4 Ne5 12. Qe2 Bd7 13. Kh1 Rc8 14. Bb3 Qa5 15.
f4 Bg4 16. Nf3 Nxf3 17. gxf3 Be6 18. Nd5 Bxd5 19. cxd5 Nd7 20. f5 Nc5 21. fxg6
fxg6 22. Bd1 Qb5 23. Qg2 Qd3 24. Re1 b5 25. Bc2 Qc4 26. b3 Qc3 27. f4 Ne6 28.
dxe6 Qxc2 29. Re2 Qd3 30. Rg1 Bd4 31. Bxd4 Qxd4 32. f5 Rf6 33. h4 Rc3 34. h5 Qd3
35. Kh2 Kg7 36. Qg4 d5 37. hxg6 h6 38. Rg3 Qd4 39. e5 1-0

[Event "Dutch Open 2012"]
[Site "Dieren NED"]
[Date "2012.08.02"]
[Round "9.6"]
[White "Schouten, Nico"]
[Black "Pijpers, Arthur"]
[Result "0-1"]
[WhiteElo "2232"]
[BlackElo "2341"]
[WhiteFideId "1001108"]
[BlackFideId "1019554"]
[EventDate "2012.07.24"]
[EventType "swiss"]

1. d4 d5 2. c4 c6 3. Nc3 dxc4 4. e3 b5 5. a4 b4 6. Na2 e6 7. Bxc4 Nf6 8. Nf3 a5
9. O-O Be7 10. b3 O-O 11. Bb2 Bb7 12. Nc1 Nbd7 13. Nd3 c5 14. Nde5 Ne4 15. Rc1
Nb6 16. Qc2 Nxc4 17. Nxc4 Qc7 18. Rfd1 Rfd8 19. Nce5 Rac8 20. h3 Bd5 21. Nc4 Qa7
22. Nfd2 Nxd2 23. Qxd2 e5 24. Qe2 exd4 25. exd4 Bg5 26. Rc2 h6 27. dxc5 Be6 28.
Bd4 Rc7 29. Be3 Rxd1+ 30. Qxd1 Bxe3 31. Nxe3 Rd7 32. Rd2 Rxd2 33. Qxd2 Qxc5 34.
Qd8+ Kh7 35. Qd3+ g6 36. Qb5 Qc1+ 37. Kh2 Qc7+ 38. g3 Bxb3 39. Ng4 Kg7 40. Qd3
Qc3 41. Qd8 h5 42. Ne3 Qf6 43. Qd2 Bxa4 44. Nd5 Qa1 45. Nf4 Qe5 46. Qd8 Bc6 0-1

[Event "Dutch Open 2012"]
[Site "Dieren NED"]
[Date "2012.08.02"]
[Round "9.7"]
[White "Beerdsen, Thomas"]
[Black "Arjun, Bharat"]
[Result "0-1"]
[BlackTitle "CM"]
[WhiteElo "2044"]
[BlackElo "2250"]
[WhiteFideId "1030108"]
[BlackFideId "5032725"]
[EventDate "2012.07.24"]
[EventType "swiss"]

1. e4 c6 2. d4 d5 3. f3 Qb6 4. Nc3 dxe4 5. fxe4 e5 6. Nf3 exd4 7. Nxd4 Bc5 8.
Na4 Qa5+ 9. c3 Be7 10. a3 Nf6 11. b4 Qe5 12. Bd3 Bg4 13. Qb3 Bd6 14. Nb2 Qh5 15.
Kd2 O-O 16. Nc4 Bc7 17. Kc2 Nbd7 18. h3 b5 19. Ne3 c5 20. Nxb5 Be6 21. c4 Be5
22. Nc3 cxb4 23. axb4 a5 24. Bd2 Bd6 25. Nf5 Bxf5 26. exf5 axb4 27. g4 Rxa1 28.
gxh5 Rxh1 29. Ne4 Nxe4 30. Bxe4 Nc5 31. Qe3 b3+ 32. Kb2 Be5+ 33. Ka3 Ra1+ 34.
Kb4 Nxe4 35. Kxb3 Nxd2+ 36. Qxd2 Rb1+ 0-1

[Event "Dutch Open 2012"]
[Site "Dieren NED"]
[Date "2012.08.02"]
[Round "9.9"]
[White "Maris, Ivo"]
[Black "Efroimski, Marsel"]
[Result "1-0"]
[BlackTitle "WIM"]
[WhiteElo "2044"]
[BlackElo "2187"]
[WhiteFideId "1028146"]
[BlackFideId "2810964"]
[EventDate "2012.07.24"]
[EventType "swiss"]

1. d4 Nf6 2. c4 g6 3. Nc3 d5 4. Nf3 Bg7 5. Bf4 O-O 6. e3 c5 7. dxc5 Qa5 8. Rc1
dxc4 9. Bxc4 Qxc5 10. Bb3 Nc6 11. O-O Qa5 12. h3 Bf5 13. Qe2 Ne4 14. Nd5 e5 15.
Rxc6 exf4 16. Rc7 Nc5 17. Bc4 Ne6 18. b4 Qa3 19. Rxb7 Be4 20. exf4 Bxd5 21. Bxd5
Nxf4 22. Bxf7+ Rxf7 23. Qc4 Nxh3+ 24. Kh2 Rf8 25. Kxh3 Qc3 26. Qxc3 Bxc3 27.
Rxf7 Rxf7 28. b5 h6 29. Kg3 Ba5 30. Rc1 Bc7+ 31. Kh3 Bb6 32. Rc6 Kg7 33. a4 Rf4
34. Ne5 g5 35. Nc4 Bxf2 36. g4 Bd4 37. a5 Rf3+ 38. Kh2 Rc3 39. a6 Kh7 40. Kg2
Kg7 41. Nd6 Rd3 42. Nf5+ Kf8 43. Nxd4 Rxd4 44. b6 Rxg4+ 45. Kf3 Rf4+ 46. Ke3
axb6 47. a7 Ra4 48. Rc8+ Ke7 49. a8=Q Rxa8 50. Rxa8 Kd6 51. Rh8 b5 52. Rxh6+ Kc5
53. Kd3 1-0

[Event "Dutch Open 2012"]
[Site "Dieren NED"]
[Date "2012.08.02"]
[Round "9.10"]
[White "Go, Benjamin"]
[Black "Maatman, Nick"]
[Result "0-1"]
[WhiteElo "2164"]
[BlackElo "2123"]
[WhiteFideId "1014560"]
[BlackFideId "1040391"]
[EventDate "2012.07.24"]
[EventType "swiss"]

1. e4 e6 2. Nf3 d5 3. Nc3 Nf6 4. e5 Nfd7 5. d4 c5 6. dxc5 Nc6 7. Bf4 Nxc5 8. Qd2
Be7 9. O-O-O a6 10. h4 h6 11. Qe3 b5 12. Rh3 b4 13. Ne2 Bd7 14. Ned4 Rb8 15.
Nxc6 Bxc6 16. Rg3 Bf8 17. Nd4 Qb6 18. h5 Bb5 19. Bd3 Nxd3+ 20. Rxd3 Bxd3 21.
Qxd3 Bc5 22. Be3 Bxd4 23. Bxd4 Qb5 24. Qd1 Rg8 25. Be3 Qc4 26. Bxh6 g6 27. Kb1
Rc8 28. Be3 Kd7 29. h6 Qe4 30. Rf3 Ke8 31. Bg5 Rh8 32. Re3 Qxg2 33. f4 Kf8 34.
a3 a5 35. axb4 axb4 36. Rb3 Rc4 37. c3 Kg8 38. cxb4 Kh7 39. Rc3 Rxb4 40. Qc1
Rhb8 41. Rc2 Qe4 42. Be7 Rc4 0-1

[Event "Dutch Open 2012"]
[Site "Dieren NED"]
[Date "2012.08.02"]
[Round "9.11"]
[White "Van Liempt, Michael"]
[Black "Colijn, Stefan"]
[Result "0-1"]
[WhiteElo "1954"]
[BlackElo "2220"]
[WhiteFideId "1012665"]
[BlackFideId "1016199"]
[EventDate "2012.07.24"]
[EventType "swiss"]

1. e4 e6 2. d4 d5 3. Nc3 Nf6 4. Bg5 h6 5. Bxf6 gxf6 6. exd5 exd5 7. Qf3 Be6 8.
Bd3 Nc6 9. Nge2 Be7 10. O-O-O Qd7 11. Bb5 O-O-O 12. h3 a6 13. Bxc6 Qxc6 14. Nf4
b5 15. Rhe1 b4 16. Nxe6 fxe6 17. Ne2 Rd6 18. Kb1 Re8 19. Nf4 a5 20. Qh5 Bf8 21.
Re3 Bg7 22. g4 Kb7 23. Qg6 e5 24. Nd3 Bh8 25. Qf7 Ka7 26. Rde1 e4 27. Nc1 f5 28.
Rd1 Rf6 29. Qh5 fxg4 30. hxg4 Rxf2 31. c3 Rb8 32. Nb3 a4 33. Qh4 Qf6 34. Qxf6
Bxf6 35. Na5 bxc3 36. Nc6+ Ka8 0-1

[Event "Dutch Open 2012"]
[Site "Dieren NED"]
[Date "2012.08.02"]
[Round "9.12"]
[White "Hoogland, Dirk"]
[Black "Vogel, Jaap"]
[Result "1/2-1/2"]
[WhiteTitle "CM"]
[BlackTitle "FM"]
[WhiteElo "2169"]
[BlackElo "2179"]
[WhiteFideId "1012533"]
[BlackFideId "1000764"]
[EventDate "2012.07.24"]
[EventType "swiss"]

1. e4 e6 2. d4 d5 3. Nc3 Bb4 4. e5 c5 5. Bd2 cxd4 6. Nb5 Bc5 7. Qg4 Kf8 8. b4
Be7 9. Nf3 Nc6 10. Rb1 h5 11. Qf4 Nh6 12. Nbxd4 Nxd4 13. Nxd4 Qb6 1/2-1/2

[Event "Dutch Open 2012"]
[Site "Dieren NED"]
[Date "2012.08.02"]
[Round "9.13"]
[White "Ypma, Peter"]
[Black "Evengroen, Henk-Jan"]
[Result "1-0"]
[WhiteElo "2175"]
[BlackElo "1968"]
[WhiteFideId "1027255"]
[BlackFideId "1019252"]
[EventDate "2012.07.24"]
[EventType "swiss"]

1. Nf3 Nf6 2. c4 g6 3. b4 Bg7 4. Bb2 O-O 5. g3 a5 6. a3 e5 7. Nxe5 Ng4 8. Nxg4
Bxb2 9. Ra2 Bg7 10. b5 d5 11. Ne3 d4 12. Nc2 Re8 13. Bg2 c6 14. a4 Bg4 15. f3 d3
16. Ne3 Bf5 17. Bf1 Nd7 18. Nxf5 gxf5 19. e3 f4 20. Bxd3 Nc5 21. Be2 Qg5 22.
gxf4 Qh4+ 23. Kf1 Qh3+ 24. Kf2 Bf6 25. Rg1+ Kh8 26. Rg2 Rg8 27. Bf1 Bh4+ 28. Kg1
Nd3 29. Rg4 Bf2+ 30. Kh1 Qh5 31. Bxd3 f5 32. Bxf5 Qxf5 33. e4 Qe6 34. d3 Be3 35.
f5 Qd6 36. Re2 Bf4 37. c5 Qe5 38. d4 Rgd8 39. Rd2 1-0

[Event "Dutch Open 2012"]
[Site "Dieren NED"]
[Date "2012.08.02"]
[Round "9.14"]
[White "Van Mierlo, Guido"]
[Black "Von Meijenfeldt, Bart"]
[Result "1/2-1/2"]
[WhiteElo "2089"]
[BlackElo "2123"]
[WhiteFideId "1032453"]
[BlackFideId "1032259"]
[EventDate "2012.07.24"]
[EventType "swiss"]

1. e4 c5 2. c3 d6 3. Nf3 Nf6 4. g3 Nc6 5. d3 g6 6. Bg2 Bg7 7. O-O O-O 8. Re1 d5
9. Nbd2 dxe4 10. dxe4 Ng4 11. Nc4 Be6 12. Ne3 Nce5 13. Nxe5 Nxe5 14. Nd5 h6 15.
Qe2 c4 16. Rd1 Bg4 17. f3 Bd7 18. Bf4 e6 19. Bxe5 Bxe5 20. Ne3 b5 21. Ng4 Bg7
22. Qd2 Qb6+ 23. Kh1 h5 24. Qxd7 hxg4 25. fxg4 Be5 26. Qd2 Kg7 27. Bf3 Rad8 28.
Qe2 Rxd1+ 29. Rxd1 Rd8 30. a3 Rd6 31. Kg2 Rxd1 32. Qxd1 Qe3 33. Qe2 Qc1 34. Kh3
Qh6+ 1/2-1/2

[Event "Dutch Open 2012"]
[Site "Dieren NED"]
[Date "2012.08.02"]
[Round "9.15"]
[White "De Bruijne, Arian"]
[Black "Vereggen, Lars"]
[Result "1-0"]
[WhiteElo "1934"]
[BlackElo "2051"]
[WhiteFideId "1039946"]
[BlackFideId "1029258"]
[EventDate "2012.07.24"]
[EventType "swiss"]

1. e4 c5 2. Nf3 d6 3. d4 cxd4 4. Nxd4 Nf6 5. Nc3 a6 6. Bg5 e6 7. Qd2 Nbd7 8.
O-O-O Qc7 9. f4 b5 10. Bxf6 gxf6 11. f5 Nc5 12. b4 Na4 13. Ncxb5 axb5 14. Bxb5+
Bd7 15. fxe6 fxe6 16. Nxe6 Qc3 17. Bxd7+ Kf7 18. Qxc3 Nxc3 19. Nxf8 Nxd1 20.
Rxd1 Rhxf8 21. Bc6 Ra7 22. Kb2 Rc8 23. Bd5+ Ke7 24. Kb3 Rb8 25. a4 Ra6 26. b5
Ra7 27. Kb4 Rc7 28. c4 1-0

[Event "Dutch Open 2012"]
[Site "Dieren NED"]
[Date "2012.08.02"]
[Round "9.16"]
[White "Vos, Tjark"]
[Black "Van Osch, Mees"]
[Result "1/2-1/2"]
[WhiteElo "1958"]
[BlackElo "2071"]
[WhiteFideId "1020870"]
[BlackFideId "1035967"]
[EventDate "2012.07.24"]
[EventType "swiss"]

1. d4 Nf6 2. c4 e5 3. dxe5 Ng4 4. Bf4 Nc6 5. Nf3 Bb4+ 6. Nbd2 Qe7 7. a3 Bxd2+ 8.
Qxd2 Ngxe5 9. Nxe5 Nxe5 10. e3 O-O 11. Be2 d6 12. O-O b6 13. Rfd1 Bb7 14. Rac1
a5 15. Qc3 f6 16. b3 Rfd8 1/2-1/2

[Event "Dutch Open 2012"]
[Site "Dieren NED"]
[Date "2012.08.02"]
[Round "9.17"]
[White "Markus, John Raymond"]
[Black "Van Lanen, Antoon"]
[Result "0-1"]
[WhiteElo "2147"]
[BlackElo "2147"]
[WhiteFideId "1001213"]
[BlackFideId "1008064"]
[EventDate "2012.07.24"]
[EventType "swiss"]

1. d4 f5 2. g4 d5 3. gxf5 Bxf5 4. Bf4 e6 5. e3 Bd6 6. Bg3 Nf6 7. c4 c6 8. Nc3
O-O 9. Bd3 Bb4 10. Qc2 Qa5 11. Ne2 dxc4 12. Bxf5 Qxf5 13. O-O-O Qxc2+ 14. Kxc2
Nbd7 15. e4 Rae8 16. f3 Nh5 17. Rhf1 b5 18. a3 Bxc3 19. Nxc3 a6 20. Bd6 Rf7 21.
f4 Nhf6 22. h3 h6 23. Rde1 g6 24. Na2 a5 25. Nc3 a4 26. d5 exd5 27. exd5 Rxe1
28. Rxe1 Nxd5 29. Re8+ Kg7 30. Rc8 Nxf4 31. Rxc6 Nd3 32. Nxb5 Rf2+ 33. Kc3 Nxb2
34. Rc7 Nd1+ 35. Kxc4 Rf7 36. Kb4 g5 37. Kxa4 Nf2 38. Rc3 Ne4 39. Re3 Nb6+ 40.
Kb3 Nd2+ 41. Kc2 Rf2 42. Kd1 Nbc4 43. Re2 Rf1+ 44. Kc2 Nf3 45. Bc5 Rh1 46. Kc3
Nfe5 47. Bd4 Rxh3+ 48. Kb4 Kf6 49. Nd6 Nxd6 50. Rxe5 Kf7 51. Rd5 Ke6 52. Re5+
Kd7 53. Rd5 Kc6 54. Rc5+ Kb7 55. Be5 Rh4+ 56. Kb3 Ne4 57. Rc7+ Kb6 58. Rh7 Nc5+
59. Kc3 Kb5 60. Rh8 h5 61. Rb8+ Kc6 62. Kc2 Rh3 63. Bc3 g4 64. Bb4 Na6 65. Rh8
Nxb4+ 66. axb4 g3 67. Rg8 h4 68. Kd1 Rh2 69. Ke1 g2 70. Kf2 h3 71. Rg5 Rh1 0-1